000 00646nam a22001817a 4500
005 20150124130543.0
008 140528s2008 mx||||g |||| 00| 0 spa d
020 _a9789688782903
050 0 4 _aSB291.S3
_bZ37 2008
245 0 3 _aEl zapote mamey en México :
_bavances de investigación /
_cIrán Alia Tejacal...[et al], ed.
260 _aMéxico :
_bUniversidad Autónoma del Estado de Morelos,
_c2008
300 _a184 p. :
_bil. ;
_c22 cm.
504 _aIncluye bibliografía
650 7 _2Lemb
_aZapote
_xInvestigación
_zMéxico
650 7 _2Lemb
_aZapote
_xInvestigación
_zMéxico
700 1 _aAlia Tejacal, Irán,
_eed.
942 _2lcc
_cLIB
999 _c52276
_d52276